Rodents – Sudden Death - Statistics

General Stats
  • This quiz has been taken 69 times
  • The average score is 4 of 14
Answers on the Grid
Answers color-coded by a green-red scale on the quiz's grid according to % correct below.
Squirrel
Beaver
Marmot
Capybara
Deermouse
Vole
Viscacha
Melomys
Kangaroo Rat
Mole Rat
Porcupine
Bamboo Rat
Jerboa
Springhare
Mouse Deer
Pika
Hedgehog
Shrew
Mole
Hyrax
Jackrabbit
Sengi
Flying Lemur
Aardvark
Meerkat
Tenrec
Moonrat
Opossum
Otter
Otter Shrew
Solenodon
Desman
 
Answer Stats
Answer % Correct
Squirrel
45%
Beaver
42%
Capybara
39%
Mole Rat
37%
Marmot
29%
Vole
29%
Bamboo Rat
26%
Jerboa
26%
Kangaroo Rat
26%
Deermouse
21%
Porcupine
18%
Springhare
16%
Viscacha
13%
Melomys
11%
No matching quizzes found
Score Distribution
Percent of People with Each Score
Percentile by Number Answered
Your Score History
You have not taken this quiz